| 000 | 00894cam a2200265 4500 | ||
|---|---|---|---|
| 001 | WB3610-06 | ||
| 008 | 000000n2000 000 0 eng u | ||
| 035 | _a(Sirsi) u104736 | ||
| 245 | _aMoD contracts worth £4.4bn | ||
| 260 | _c2000 | ||
| 490 |
_aContract Journal _v 402(6267) 8 March 2000, 1-3(2) |
||
| 520 | _aDefence Estates is launching a £400m third tranche of contracts now and hoping to launch £4bn worth of one-stop shop regional contracting by 2004. This is part of a Government-wide procurement initiative. | ||
| 590 | _aWB | ||
| 650 |
_aContracts _96232 |
||
| 650 | _aDEFENCE ESTATES | ||
| 650 | _aTHIRD TRANCHE | ||
| 650 | _aONE STOP SHOP | ||
| 650 | _aSCOTLAND | ||
| 650 | _aMINISTRY OF DEFENCE | ||
| 650 | _aProcurement-old | ||
| 650 | _aSUBCONTRACTORS | ||
| 650 | _aBUILT ENVIRONMENT | ||
| 690 | _aBUILT ENVIRONMENT-BUILDING CONTRACT FORMS | ||
| 942 | _n0 | ||
| 999 |
_c62831 _d62831 |
||